000 00338nam a2200133Ia 4500
008 231129s1996||||xx |||||||||||||| ||spa||
020 _a968-24-5284-8
040 _bspa
082 _a687.143 R784
245 0 _aRopa y juguetes para niƱos
260 _c1996
264 _aTrillas
942 _2ddc
_cBKS
999 _c24179
_d24179